000
00314nam a22001337a 4500
008
171021b xxu||||| |||| 00| 0 eng d
020
_a
9780738201054
041
_a
eng
080
_a
658
100
_a
54
101
_a
LID
245
_a
PRODUCT DEVELOPMENT FOR THE SERVICE SECTOR
_c
COOPER, R.G
942
_2
udc
_c
BK
999
_c
35317
_d
35317